000 00758pam a2200217 a 4500
999 _c5939
_d5939
001 11574
003 BD-DhUAP
005 20201222155031.0
008 201222s1993 ii a b 001 0 eng
040 _aDLC
_cDLC
_dBD-DhUAP
_beng
082 0 0 _a004.5 ROB
_223
100 1 _aRobinson, Phillip.
245 1 4 _aThe one minute memory manager :
_bupgrading and using your PC's memory for faster, more efficient computing /
_cPhillip Robinson.
250 _aFirst Indian editon.
260 _aNew Delhi :
_bBPB,
_cc1993.
300 _axx, 437 pages :
_billustrations ;
_c24 cm.
504 _aIncludes bibliographical references (p. 429-430) and index.
650 0 _aMemory management (Computer science).
650 0 _aMicrocomputers
_xProgramming.
942 _2ddc
_cBK